000 00429nab a2200145Ia 4500
003 ES-SlBCS
005 20210601125455.0
008 140529s1988-89 xxu||||| |||| 00| 0 eng d
041 _aeng
100 1 _aSchmitz, Kenneth L.
_950890
245 0 0 _aNeither with nor without Foundations
_c Kenneth L. Schmitz
650 0 4 _aFundamento
_9159075
773 0 _tReview of Methaphysics
_gvol. 42, 1988-89, págs. 3-26
_wRev843
942 _cAR
999 _c530921
_d530921